000 00202 a2200097 4500
001 2880
100 _aStevenson, R.L
245 _aTreasure Island
260 _a
_bT Nelson sons
_c
090 _c2173
_d2173
942 _aNUST-CAE
_cM
_c13036
999 _c237953
_d237953